| 000 | 01453nam a2200337 a 4500 | ||
|---|---|---|---|
| 001 | ebr10512146 | ||
| 003 | CaPaEBR | ||
| 006 | m u | ||
| 007 | cr cn||||||||| | ||
| 008 | 111213s2008 sz ad sb 000 0 eng d | ||
| 020 | _z9789221210627 | ||
| 020 | _z9789221210634 (e-book) | ||
| 040 |
_aCaPaEBR _cCaPaEBR |
||
| 035 | _a(OCoLC)769190107 | ||
| 050 | 1 | 4 |
_aRA643.8 _b.S28 2008eb |
| 245 | 0 | 0 |
_aSaving lives, protecting jobs _h[electronic resource] : _bInternational HIV/AIDS Workplace Education Programme, SHARE : Strategic HIV/AIDS Responses in Enterprises : second report, March 2008. |
| 260 |
_aGeneva : _bInternational Labour Office, _c2008. |
||
| 300 |
_aviii, 87 p. : _bcol. ill. |
||
| 500 | _a"ILOAIDS." | ||
| 504 | _aIncludes bibliographical references. | ||
| 533 |
_aElectronic reproduction. _bPalo Alto, Calif. : _cebrary, _d2011. _nAvailable via World Wide Web. _nAccess may be limited to ebrary affiliated libraries. |
||
| 650 | 0 |
_aHIV (Viruses) _xPrevention. |
|
| 650 | 0 |
_aAIDS (Disease) _xPrevention. |
|
| 650 | 0 | _aHealth education. | |
| 655 | 7 |
_aElectronic books. _2local |
|
| 710 | 2 | _aStrategic HIV/AIDS Responses in Enterprises (Program) | |
| 710 | 2 | _aILO Programme on HIV/AIDS and the World of Work. | |
| 710 | 2 | _aInternational Labour Organization. | |
| 710 | 2 | _aebrary, Inc. | |
| 856 | 4 | 0 |
_uhttp://site.ebrary.com/lib/rucke/Doc?id=10512146 _zAn electronic book accessible through the World Wide Web; click to view |
| 999 |
_c223069 _d223069 |
||